Alternatívne riešenie zdroja tepla a vykurovacej sústavy pre horský hotel

Guardado en:
Detalles Bibliográficos
Autor principal: Poláková, Silvia (Autor)
Otros Autores: Kurčová, Mária (Orientador)
Formato: Manuscrito Libro
Lenguaje:eslovaco
Publicado: 2016
Materias:
Acceso en línea:http://is.stuba.sk/zp/portal_zp.pl?podrobnosti=132326
https://opac.crzp.sk/?fn=detailBiblioForm&sid=A86BEDB9942C84EDDB96378BE596
Etiquetas: Agregar Etiqueta
Sin Etiquetas, Sea el primero en etiquetar este registro!

MARC

LEADER 00000ntm a22000003a 4500
001 stuzp56508
003 SK-STU
005 20231004111616.7
007 ta
008 150427s2015----xo-----f-mn---000-0-slo-d
040 |a STU  |b slo 
041 0 |a slo 
100 1 |a Poláková, Silvia  |u 010290  |4 aut  |U SvF Stavebná fakulta  |T SvF Katedra technických zariadení budov  |X 9911  |U V290  |Y 31  |7 A000009911 
242 0 1 |a Alternative solution of the heating source and the heating system for a mountain hotel  |y eng 
245 1 0 |a Alternatívne riešenie zdroja tepla a vykurovacej sústavy pre horský hotel 
260 |c 2016 
650 4 |a zdroj tepla  |2 slo 
650 4 |a príslušenstvo  |2 slo 
650 4 |a ekonomické a ekologické zhodnotenie  |2 slo 
650 4 |a components  |2 eng 
650 4 |a economic and ecologic assessment  |2 eng 
650 4 |a heat source  |2 eng 
700 1 |a Kurčová, Mária  |u 010290  |k Z1  |4 ths  |U SvF Stavebná fakulta  |T SvF Katedra technických zariadení budov  |X 792  |U V290  |Y 31  |7 A000000792 
856 4 |u http://is.stuba.sk/zp/portal_zp.pl?podrobnosti=132326 
856 4 |u https://opac.crzp.sk/?fn=detailBiblioForm&sid=A86BEDB9942C84EDDB96378BE596 
SQL |a stuzp56508  |b DDP  |c SLO  |d Alternatívne riešenie zdroja tepla a vykurovacej sústavy pre horský hotel  |e 9911  |f Poláková, Silvia  |g 010290  |h 792  |i Kurčová, Mária  |j 20160616  |k 24  |l 01  |m http://is.stuba.sk/zp/portal_zp.pl?podrobnosti=132326  |n I-TZB  |o 5.1.4. pozemné stavby